| 000 | 00805nam a2200241 a 4500 | ||
|---|---|---|---|
| 005 | 20191224041639.0 | ||
| 008 | 140305b1996 ck ||||| |||| 00| 0 spa d | ||
| 041 | _aspa | ||
| 044 | _ack | ||
| 090 |
_aLB _b02334 |
||
| 100 |
_aRocha, Raúl Leonardo _916310 |
||
| 245 | _aDiversidad de dietas de aves insectivoras en la selva lluviosa del Pacífico colombiano | ||
| 260 |
_aCali _bUniversidad del Valle. Facultad de Ciencias _c1996 |
||
| 300 | _a32 p. | ||
| 650 |
_aAves insectivoras _916311 |
||
| 650 |
_aDieta _916312 |
||
| 650 |
_aBosque húmedo tropical _93501 |
||
| 650 |
_aComportamiento alimenticio _916313 |
||
| 662 |
_aColombia _cRío Tatabro _dBuenaventura _bValle del Cauca |
||
| 700 |
_aChacón de Ulloa, Patricia _91469 |
||
| 700 |
_aNaranjo Henao, Luis Germán _93891 |
||
| 942 |
_cImpreso _2z |
||
| 999 |
_c2522 _d2522 |
||